000 00673nam 22002053 4500
001 199826
021 _aPT
_b99482/96
090 _a199826
100 _a20260112d u||y0pory50 ba
200 _aSéries : texto programado com 200 exercícios
_flições do professor J. M. Quadros e Costa
_gcolaboração de João Sanches
210 _a[Lisboa]
_cInstituto Superior Damião de Goes
_dD.L. 1996
215 _a[V], 222, [16] p.
_cbrochado
_d21 cm
225 _aUniversitária
_h1
606 _91432
_aMatemática
675 _a51
_vPT
_zpor
700 _915647
_aCosta
_bJ. M. Quadros e
702 _915648
_aSanches
_bJoão
801 _aPT
_bBMMN
_gRPC
830 _cVanda
990 _cLIVROS